000 00522nam a2200181Ia 4500
008 151202s9999||||xx |||||||||||||| ||und||
082 _bPNVM-49849
100 _aदिवाण वृंदा.
245 _aमी आहे.
260 _bआदित्य प्रका. सांगली.
260 _c2013
300 _a256
600 _aदिवाण वृंदा.
630 _aमी आहे.
700 _aदिवाण वृंदा.
730 _aमी आहे.
942 _cBOOK
999 _c1316245
_d1316242